[Event "55th World U20 ch"]
[Site "Bhubaneswar IND"]
[Date "2016.08.18"]
[Round "10.17"]
[White "Rajdeep, Sarkar"]
[Black "Harsha, Bharathakoti"]
[Result "1/2-1/2"]
[WhiteElo "2351"]
[BlackElo "2344"]
[EventDate "2016.08.08"]
[PlyCount "101"]

1.Nf3 d5 2.g3 c6 3.Bg2 Bg4 4.O-O Nf6 5.d4 e6 6.Nbd2 Nbd7 7.Re1 Be7 8.e4 
O-O 9.c3 c5 10.e5 Ne8 11.dxc5 Nxc5 12.Nb3 Nc7 13.Be3 Na4 14.Qc2 Qd7 15.
Nfd4 Bh5 16.f4 Bg6 17.Qe2 b5 18.Rad1 a6 19.Rf1 f6 20.exf6 Bxf6 21.Nf3 Bh5 
22.Bd4 Rae8 23.Nc1 Qc6 24.h3 Bxf3 25.Bxf3 Nc5 26.Rfe1 a5 27.Qe3 Bxd4 28.
cxd4 Nd7 29.Nd3 Qd6 30.Kg2 b4 31.Rc1 Nb5 32.Nc5 Nxc5 33.Rxc5 Qd7 34.Be2 
Nd6 35.Rxa5 Nf5 36.Qd2 Ra8 37.Qxb4 Ne3+ 38.Kg1 Nc2 39.Qd2 Rxa5 40.Qxc2 Qa7
41.Bg4 Qxd4+ 42.Qf2 Qxf2+ 43.Kxf2 Rxa2 44.Bxe6+ Kh8 45.Bxd5 Rxb2+ 46.Kf3 
Rd2 47.Re5 Rd3+ 48.Kg4 Ra3 49.Be4 Re3 50.f5 Re1 51.Re7 1/2-1/2

[Event "55th World U20 ch"]
[Site "Bhubaneswar IND"]
[Date "2016.08.18"]
[Round "10.18"]
[White "Arjun, Kalyan"]
[Black "Sammed Jaykumar, Shete"]
[Result "1/2-1/2"]
[WhiteElo "2292"]
[BlackElo "2253"]
[EventDate "2016.08.08"]
[PlyCount "85"]

1.e4 e5 2.Nf3 Nc6 3.Bb5 a6 4.Ba4 Nf6 5.O-O Be7 6.Re1 b5 7.Bb3 O-O 8.h3 Bb7
9.d3 d6 10.a3 Qd7 11.Nc3 Rfe8 12.Ne2 h6 13.Ng3 Bf8 14.c3 g6 15.Nh2 Bg7 16.
Qf3 Kh7 17.Ng4 Nxg4 18.hxg4 f6 19.Nf1 Nd8 20.g3 Ne6 21.Ne3 c6 22.Bxe6 Qxe6
23.c4 Rad8 24.Bd2 d5 25.Ba5 Rd7 26.Rac1 bxc4 27.dxc4 dxe4 28.Qxe4 c5 29.
Nd5 Bxd5 30.cxd5 Rxd5 31.Red1 Rd4 32.Rxd4 cxd4 33.Rc6 Qd7 34.Rxa6 Rc8 35.
Bb4 f5 36.gxf5 gxf5 37.Qf3 Rc1+ 38.Kh2 e4 39.Qh5 Kg8 40.Rd6 Qc8 41.Ba5 e3 
42.Bd8 Kf8 43.Qg6 1/2-1/2

[Event "55th World U20 ch"]
[Site "Bhubaneswar IND"]
[Date "2016.08.18"]
[Round "10.19"]
[White "Rakesh, Kumar Jena"]
[Black "Gholami, Aryan"]
[Result "1/2-1/2"]
[WhiteElo "2161"]
[BlackElo "2461"]
[EventDate "2016.08.08"]
[PlyCount "149"]

1.Nf3 Nf6 2.g3 d5 3.Bg2 e6 4.O-O Be7 5.d4 b5 6.a4 c6 7.axb5 cxb5 8.Nc3 Ba6
9.Re1 O-O 10.Bg5 b4 11.Na4 Nbd7 12.Ne5 Bb7 13.Bxf6 Nxf6 14.c4 bxc3 15.Nxc3
Qb6 16.Na4 Qb4 17.e3 Ne4 18.Nd3 Qb5 19.f3 Nd6 20.Nac5 Bc6 21.Bf1 Rfc8 22.
b3 Be8 23.Qd2 a5 24.Nb2 Qb6 25.Nba4 Qd8 26.Rec1 Rcb8 27.Rc3 Nb5 28.Rc2 Bd6
29.Rca2 Bc7 30.Nc3 Nxc3 31.Qxc3 Bb6 32.Na4 Rc8 33.Qd2 Bc7 34.Nc5 e5 35.Ba6
Rcb8 36.Be2 exd4 37.exd4 Bb6 38.b4 axb4 39.Rxa8 Rxa8 40.Rxa8 Qxa8 41.Qxb4 
Bd8 42.Nd3 Bf6 43.Ne5 Bxe5 44.dxe5 Qa1+ 45.Kf2 Qxe5 46.f4 Qc7 47.Qd4 Bc6 
48.h4 Qd7 49.Bf3 f6 50.Qc5 Bb7 51.Qb6 Kf7 52.Bg4 Qe7 53.h5 Ba8 54.Bc8 g5 
55.hxg6+ hxg6 56.f5 gxf5 57.Bxf5 Kg7 58.g4 Qb7 59.Qxb7+ Bxb7 60.Ke3 Kf7 
61.Kd4 Ke7 62.Kc5 Ba8 63.Bc8 Kf7 64.Bf5 Bb7 65.Kb6 Ba8 66.Kc5 Ke7 67.Bc8 
Kf7 68.Bf5 Kg7 69.Be6 Kh6 70.Bxd5 Bxd5 71.Kxd5 Kg5 72.Ke6 Kg6 73.Ke7 Kg5 
74.Kf7 Kxg4 75.Kxf6 1/2-1/2

[Event "55th World U20 ch"]
[Site "Bhubaneswar IND"]
[Date "2016.08.18"]
[Round "10.20"]
[White "Karthik, Venkataraman"]
[Black "Studer, Noel"]
[Result "1-0"]
[WhiteElo "2305"]
[BlackElo "2477"]
[EventDate "2016.08.08"]
[PlyCount "119"]

1.d4 e6 2.c4 Nf6 3.Nf3 b6 4.g3 Bb7 5.Bg2 Be7 6.O-O O-O 7.d5 exd5 8.Nh4 c6 
9.cxd5 Nxd5 10.Nf5 Nc7 11.e4 d5 12.Nc3 Nba6 13.Re1 Bf6 14.e5 Be7 15.Qg4 g6
16.Nxe7+ Qxe7 17.Bg5 Qb4 18.Qf3 Rfe8 19.h4 Qf8 20.Rad1 Nc5 21.h5 Nd7 22.
hxg6 hxg6 23.Qg4 Ne6 24.Ne4 Nxg5 25.Qxg5 Qe7 26.Nf6+ Nxf6 27.exf6 Qb4 28.
Qh6 Qf8 29.Qg5 Ba6 30.Re7 Rxe7 31.fxe7 Qc8 32.Re1 Qd7 33.Qf6 Re8 34.f3 Bb5
35.g4 d4 36.Kf2 Bf1 37.Kxf1 d3 38.Kf2 c5 39.Rh1 Qd4+ 40.Qxd4 cxd4 41.Rd1 
Rxe7 42.Rxd3 Rc7 43.Rd2 Kg7 44.f4 Kf6 45.Be4 g5 46.Rxd4 gxf4 47.Kf3 Rc1 
48.Kxf4 Rf1+ 49.Ke3 Kg5 50.Bf5 Re1+ 51.Kd2 Rh1 52.Rd7 Rh2+ 53.Kc3 Rh3+ 54.
Kc4 Rh2 55.Rxf7 Rxb2 56.Rxa7 Kf6 57.Kd5 Kg5 58.Kc6 Kf4 59.a4 Rb4 60.Bd3 
1-0

[Event "55th World U20 ch"]
[Site "Bhubaneswar IND"]
[Date "2016.08.18"]
[Round "10.21"]
[White "Yuan Qingyu"]
[Black "Ivic, Velimir"]
[Result "1-0"]
[WhiteElo "2366"]
[BlackElo "2270"]
[EventDate "2016.08.08"]
[PlyCount "97"]

1.c4 e5 2.Nc3 Bb4 3.Nd5 Bc5 4.b4 Bf8 5.Bb2 c6 6.Ne3 Bxb4 7.Bxe5 Nf6 8.Nf3 
O-O 9.g3 d5 10.Bxf6 Qxf6 11.cxd5 Rd8 12.Rb1 a5 13.Qb3 cxd5 14.Nxd5 Qd6 15.
Nxb4 Be6 16.Qa3 Qc5 17.Qa4 Qb6 18.Rb2 axb4 19.Qxb4 Rc8 20.d3 Qxb4+ 21.Rxb4
Rxa2 22.Rb1 Nc6 23.Bg2 b5 24.O-O b4 25.Ng5 Rxe2 26.Nxe6 fxe6 27.Rfc1 Ne7 
28.Rxc8+ Nxc8 29.Bh3 Kf7 30.Rxb4 Ne7 31.Kf1 Rd2 32.Rf4+ Ke8 33.Rf3 e5 34.
Re3 Kd8 35.Ke1 Ra2 36.Rxe5 Ra1+ 37.Ke2 Rh1 38.Be6 Rxh2 39.Rg5 g6 40.Rc5 h5
41.Bf7 h4 42.Rg5 hxg3 43.Rxg3 Rh6 44.Rg4 Kc7 45.Ke3 Kd6 46.Kf4 Rh3 47.Bxg6
Nd5+ 48.Kg5 Rf3 49.Rd4 1-0

[Event "55th World U20 ch"]
[Site "Bhubaneswar IND"]
[Date "2016.08.18"]
[Round "10.22"]
[White "Chakravarthi Reddy, M."]
[Black "Lokander, Martin"]
[Result "1/2-1/2"]
[WhiteElo "2228"]
[BlackElo "2365"]
[EventDate "2016.08.08"]
[PlyCount "100"]

1.c4 Nf6 2.Nc3 g6 3.e4 d6 4.d4 Bg7 5.Be2 O-O 6.Be3 c5 7.d5 e6 8.Nf3 Na6 9.
O-O Nc7 10.e5 dxe5 11.Bxc5 Re8 12.d6 Na6 13.Be3 Nd7 14.a3 b6 15.b4 Bb7 16.
Rc1 f5 17.Ne1 f4 18.Bd2 Nf6 19.Nb5 Ne4 20.Bf3 Nxd6 21.Nxd6 Bxf3 22.Nxf3 
Qxd6 23.Bc3 Qxd1 24.Rfxd1 e4 25.Bxg7 exf3 26.Be5 Rad8 27.gxf3 g5 28.Bf6 
Rxd1+ 29.Rxd1 Rc8 30.Rd7 Rxc4 31.Rxa7 Nc7 32.Bxg5 Nd5 33.Bh6 Nc7 34.Bxf4 
Rxf4 35.Rxc7 Rxf3 36.Rc6 Kf7 37.a4 Ra3 38.Rxb6 Rxa4 39.Kg2 Ra3 40.b5 Rb3 
41.Rb8 Kg7 42.b6 h6 43.f3 Rb2+ 44.Kg3 e5 45.b7 h5 46.h3 Kh7 47.Kh4 Rb5 48.
Kxh5 e4+ 49.Kg4 exf3 50.Kxf3 Rb4 1/2-1/2

[Event "55th World U20 ch"]
[Site "Bhubaneswar IND"]
[Date "2016.08.18"]
[Round "10.24"]
[White "Fan Huifeng"]
[Black "Rydstrom, Tom"]
[Result "0-1"]
[WhiteElo "2223"]
[BlackElo "2315"]
[EventDate "2016.08.08"]
[PlyCount "50"]

1.e4 e5 2.Nf3 Nc6 3.Bb5 a6 4.Ba4 Nf6 5.O-O Bc5 6.c3 b5 7.Bb3 d6 8.d4 Bb6 
9.a4 Rb8 10.axb5 axb5 11.Na3 O-O 12.Nxb5 exd4 13.cxd4 Bg4 14.Be3 Re8 15.h3
Bh5 16.Bc2 Nxe4 17.Bxe4 Rxe4 18.Qc2 Bxf3 19.gxf3 Rxe3 20.Qxc6 Re6 21.Rfe1 
Rg6+ 22.Kh2 d5 23.Qc1 c6 24.Nc3 Bc7+ 25.f4 Qh4 0-1

[Event "55th World U20 ch"]
[Site "Bhubaneswar IND"]
[Date "2016.08.18"]
[Round "10.25"]
[White "Squella Lavin, Carlos Felipe"]
[Black "Basso, Pierluigi"]
[Result "0-1"]
[WhiteElo "2203"]
[BlackElo "2455"]
[EventDate "2016.08.08"]
[PlyCount "88"]

1.c4 e6 2.d4 Bb4+ 3.Bd2 Qe7 4.Nf3 f5 5.c5 Bxd2+ 6.Nbxd2 Nf6 7.Rc1 Nc6 8.e3
O-O 9.Bc4 b6 10.cxb6 axb6 11.a3 Bb7 12.O-O Nd8 13.Qb3 Nf7 14.Bd3 Rac8 15.
Qb4 d6 16.Bb5 c5 17.Qb3 Rb8 18.Rfd1 Kh8 19.Bc4 Bxf3 20.Nxf3 d5 21.Bf1 c4 
22.Qb5 Rfc8 23.Nd2 Ne8 24.Qb4 Qxb4 25.axb4 b5 26.Ra1 Nd8 27.Ra6 Nc7 28.Rd6
Kg8 29.Nf3 Ne8 30.Ra6 Nc7 31.Rd6 Ra8 32.Ne5 Nf7 33.Nxf7 Kxf7 34.Rd7+ Kf6 
35.g4 Ra4 36.g5+ Kxg5 37.Rxg7+ Kh6 38.Rg3 Ne8 39.Rg8 Nd6 40.Rxc8 Nxc8 41.
b3 cxb3 42.Bxb5 Rxb4 43.Bd7 Nb6 44.Bxe6 Kg6 0-1

[Event "55th World U20 ch"]
[Site "Bhubaneswar IND"]
[Date "2016.08.18"]
[Round "10.26"]
[White "Martins, David Pires Tavares"]
[Black "Ritviz Bhiva, Parab"]
[Result "1-0"]
[WhiteElo "2402"]
[BlackElo "2259"]
[EventDate "2016.08.08"]
[PlyCount "121"]

1.Nf3 Nf6 2.b3 g6 3.Bb2 Bg7 4.e3 O-O 5.Be2 d6 6.d4 c5 7.O-O b6 8.c4 Bb7 9.
Nc3 Nbd7 10.Qc2 a6 11.Rad1 cxd4 12.Nxd4 Rc8 13.Qb1 e5 14.Nc2 Nc5 15.Nb4 
Nce4 16.Nbd5 Nxc3 17.Nxc3 Qc7 18.Rd2 Rfd8 19.Rfd1 Rd7 20.a4 Rcd8 21.Bf3 
Bxf3 22.gxf3 Qb7 23.Nd5 b5 24.cxb5 axb5 25.a5 b4 26.Kg2 Nxd5 27.Rxd5 Ra8 
28.Rxd6 Rxd6 29.Rxd6 Rxa5 30.Rd8+ Bf8 31.Qd3 Qe7 32.f4 exf4 33.exf4 Ra2 
34.Be5 Qb7+ 35.Kg3 Ra8 36.Qd6 Rxd8 37.Qxd8 Qe7 38.Qxe7 Bxe7 39.f5 f6 40.
Bc7 Bc5 41.f3 Kf7 42.Kf4 Ke7 43.Ke4 Kd7 44.fxg6 hxg6 45.Kd5 Be3 46.Bd6 Bd2
47.h3 f5 48.Bf8 Be1 49.Kc4 Ke6 50.Bxb4 Bxb4 51.Kxb4 Ke5 52.Kc3 Kf4 53.b4 
Kxf3 54.b5 Kg2 55.b6 f4 56.b7 f3 57.b8=Q f2 58.Qb7+ Kg1 59.Qb6 Kg2 60.Qc6+
Kxh3 61.Qf3+ 1-0

[Event "55th World U20 ch"]
[Site "Bhubaneswar IND"]
[Date "2016.08.18"]
[Round "10.27"]
[White "Shailesh, Dravid"]
[Black "Belous, Mikhail"]
[Result "1-0"]
[WhiteElo "2224"]
[BlackElo "2343"]
[EventDate "2016.08.08"]
[PlyCount "115"]

1.e4 c5 2.Nf3 Nc6 3.d4 cxd4 4.Nxd4 e5 5.Nb5 a6 6.Nd6+ Bxd6 7.Qxd6 Qe7 8.
Qd1 Nf6 9.Nc3 d6 10.Bg5 Be6 11.Nd5 Bxd5 12.exd5 Nb8 13.c4 Nbd7 14.Be2 O-O 
15.O-O h6 16.Be3 Nh7 17.Rc1 f5 18.f3 f4 19.Bf2 Ng5 20.b4 a5 21.a3 axb4 22.
axb4 e4 23.fxe4 Nxe4 24.Bd4 Ra3 25.Bd3 Ng5 26.h4 Ne5 27.Rc3 Rxc3 28.Bxc3 
Nxd3 29.Qxd3 Qe4 30.Qd2 Nh7 31.Qd4 Qxd4+ 32.Bxd4 g5 33.c5 dxc5 34.bxc5 Rd8
35.d6 Kf7 36.hxg5 hxg5 37.Re1 Rd7 38.Re5 Kg6 39.Re8 Kf7 40.Re5 Kg6 41.Kf2 
Kf7 42.Kf3 Kg6 43.Re6+ Kf7 44.Rh6 Ke8 45.Re6+ Kf7 46.Re5 Kg6 47.Ke4 Nf6+ 
48.Kd3 Ng4 49.Re2 Kf7 50.Kc4 Nh6 51.Kd5 Nf5 52.Re5 Nxd4 53.Kxd4 Kf6 54.Kd5
Rd8 55.Re6+ Kf5 56.Re7 Rb8 57.d7 Rd8 58.Kd6 1-0

[Event "55th World U20 ch"]
[Site "Bhubaneswar IND"]
[Date "2016.08.18"]
[Round "10.28"]
[White "Gheorghiu, Calin"]
[Black "Ranjan Sahoo, Utkal"]
[Result "1/2-1/2"]
[WhiteElo "2343"]
[BlackElo "2266"]
[EventDate "2016.08.08"]
[PlyCount "135"]

1.d4 d5 2.c4 e6 3.Nc3 Nf6 4.cxd5 exd5 5.Bg5 Nbd7 6.e3 c6 7.Bd3 Be7 8.Nf3 
O-O 9.Qc2 Re8 10.O-O Nf8 11.h3 Be6 12.Ne5 N6d7 13.Bxe7 Qxe7 14.f4 f6 15.
Nf3 Nb6 16.Rae1 Rad8 17.Qf2 Nc8 18.f5 Bf7 19.g4 Nd6 20.h4 h6 21.Qh2 b6 22.
g5 Bh5 23.gxh6 gxh6 24.Qf4 Kh7 25.Kf2 Nd7 26.Ng5+ hxg5 27.hxg5 Kg8 28.Qh2 
Bg4 29.Rg1 fxg5 30.Rxg4 Nf7 31.Rg3 Kg7 32.Qg2 Qf6 33.b4 b5 34.Nb1 Qe7 35.
a3 Nf6 36.Nd2 Rg8 37.Nb3 Nd7 38.Ke2 Kf6 39.Kd2 Rde8 40.Qf3 Qd6 41.Rc1 Rh8 
42.Na5 Rh2+ 43.Rg2 Rxg2+ 44.Qxg2 Nb8 45.Qf3 Rh8 46.e4 dxe4 47.Qxe4 Nd8 48.
d5 Rh4 49.Qe8 Rh2+ 50.Kc3 Qe5+ 51.Qxe5+ Kxe5 52.Re1+ Kd6 53.Re8 Kd7 54.Rg8
cxd5 55.Bxb5+ Kc7 56.Rxg5 Rh3+ 57.Bd3 Nd7 58.Kd4 Nf7 59.Rg7 Nde5 60.Bb5 
Kb6 61.Bf1 Rxa3 62.Kxd5 Rf3 63.Nc4+ Nxc4 64.Rxf7 Ne3+ 65.Ke4 Rxf5 66.Rxf5 
Nxf5 67.Kxf5 a5 68.Ke4 1/2-1/2

[Event "55th World U20 ch"]
[Site "Bhubaneswar IND"]
[Date "2016.08.18"]
[Round "10.29"]
[White "Krishna Teja, N."]
[Black "Subramaniam, Shreyes"]
[Result "1-0"]
[WhiteElo "2282"]
[BlackElo "1863"]
[EventDate "2016.08.08"]
[PlyCount "73"]

1.d4 d5 2.c4 e6 3.Nc3 Nf6 4.cxd5 exd5 5.Bg5 Be7 6.e3 h6 7.Bh4 O-O 8.Qc2 
Be6 9.Bd3 c5 10.dxc5 Nc6 11.Nge2 d4 12.exd4 Nxd4 13.Qd1 Nxe2 14.Qxe2 Qd4 
15.Bxf6 Bxf6 16.O-O Rad8 17.Rfd1 Qxc5 18.Ne4 Qe5 19.Nxf6+ Qxf6 20.Qe4 g6 
21.Qxb7 Bd5 22.Qxa7 Qxb2 23.a4 Bb3 24.Rdb1 Qc3 25.Bb5 Bc2 26.Rc1 Rd2 27.a5
Rfd8 28.Bf1 Qb2 29.Qe7 Ba4 30.Qa3 Qd4 31.Qxa4 Qxf2+ 32.Kh1 R2d4 33.Qc6 Rh4
34.Qf3 Qd4 35.Rd1 Qe5 36.Rxd8+ Kg7 37.g3 1-0

[Event "55th World U20 ch"]
[Site "Bhubaneswar IND"]
[Date "2016.08.18"]
[Round "10.30"]
[White "Yogit, S."]
[Black "Barath Kalyan, M."]
[Result "1-0"]
[WhiteElo "2270"]
[BlackElo "2197"]
[EventDate "2016.08.08"]
[PlyCount "61"]

1.e4 g6 2.d4 Bg7 3.Nc3 c6 4.Be3 d5 5.e5 h5 6.Nf3 Nh6 7.Qd2 Nf5 8.Bf4 e6 9.
Be2 b6 10.h3 Bb7 11.O-O-O h4 12.g4 hxg3 13.fxg3 Nd7 14.g4 Nh4 15.Rdf1 Bf8 
16.Ng5 Be7 17.Be3 Rf8 18.Rh2 c5 19.Nb5 cxd4 20.Nxd4 Qc7 21.Rhf2 Qxe5 22.
Nxf7 Qb8 23.Nxe6 Rxf7 24.Rxf7 Qe5 25.Ng7+ Kd8 26.Bf4 Qe4 27.Bd3 Qg2 28.
Qxg2 Nxg2 29.Ne6+ Ke8 30.Bxg6 Nxf4 31.Rf8# 1-0

[Event "55th World U20 ch"]
[Site "Bhubaneswar IND"]
[Date "2016.08.18"]
[Round "10.31"]
[White "Subhayan, Kundu"]
[Black "Nihal, Sarin"]
[Result "0-1"]
[WhiteElo "2189"]
[BlackElo "2358"]
[EventDate "2016.08.08"]
[PlyCount "50"]

1.e4 c5 2.Nf3 d6 3.d4 cxd4 4.Nxd4 Nf6 5.Nc3 a6 6.h3 e5 7.Nde2 h5 8.Bg5 Be6
9.Bxf6 Qxf6 10.Nd5 Qd8 11.Qd3 Nd7 12.Nec3 g6 13.O-O-O Nc5 14.Qf3 Bg7 15.
Be2 b5 16.a3 Rc8 17.Kb1 h4 18.Ne3 O-O 19.g4 Rb8 20.b4 Nd7 21.Rhg1 Nb6 22.
Nf5 Qc7 23.Nxg7 Kxg7 24.g5 Rfc8 25.Rd3 Na4 0-1

[Event "55th World U20 ch"]
[Site "Bhubaneswar IND"]
[Date "2016.08.18"]
[Round "10.32"]
[White "Tran Minh Thang"]
[Black "Tahay, Alexis"]
[Result "1/2-1/2"]
[WhiteElo "2353"]
[BlackElo "2098"]
[EventDate "2016.08.08"]
[PlyCount "44"]

1.d4 Nf6 2.Bf4 c5 3.e3 d5 4.Nc3 cxd4 5.exd4 a6 6.Nf3 Nc6 7.h3 Bf5 8.Nh4 
Bg6 9.Nxg6 hxg6 10.Na4 b5 11.Nc5 e5 12.dxe5 Bxc5 13.exf6 Qxf6 14.Qxd5 Bb4+
15.Bd2 Bxd2+ 16.Qxd2 Qxb2 17.Qe3+ Ne5 18.Rd1 O-O 19.Qb3 Rfe8 20.Be2 Nc4 
21.Kf1 Qe5 22.Bxc4 bxc4 1/2-1/2

[Event "55th World U20 ch"]
[Site "Bhubaneswar IND"]
[Date "2016.08.18"]
[Round "10.33"]
[White "Viennot, Dylan"]
[Black "Palucha, Szymon"]
[Result "1/2-1/2"]
[WhiteElo "2342"]
[BlackElo "1932"]
[EventDate "2016.08.08"]
[PlyCount "123"]

1.e4 c5 2.Nf3 d6 3.d4 cxd4 4.Qxd4 Nc6 5.Bb5 Bd7 6.Bxc6 Bxc6 7.Nc3 Nf6 8.
Bg5 e6 9.Qd3 Be7 10.Nd4 Qa5 11.Bd2 Qc7 12.f4 a6 13.O-O-O b5 14.a3 O-O 15.
f5 Bd7 16.g4 d5 17.exd5 Nxd5 18.Nxd5 exd5 19.Bb4 Bxb4 20.axb4 a5 21.bxa5 
b4 22.a6 Qb6 23.Kd2 Rfe8 24.Rde1 Qh6+ 25.Kd1 Rxe1+ 26.Rxe1 Rxa6 27.Qe3 
Ra1+ 28.Kd2 Qxh2+ 29.Re2 Qd6 30.Qe5 Ra6 31.Qxd6 Rxd6 32.Ke3 f6 33.Kf4 Kf7 
34.Re3 Ba4 35.Re1 b3 36.cxb3 Bd7 37.Ra1 Rb6 38.Ra5 Rd6 39.Ke3 g6 40.Kd2 h5
41.gxh5 Bxf5 42.Nxf5 gxf5 43.Ra7+ Kg8 44.Rb7 f4 45.h6 d4 46.Rg7+ Kh8 47.
Rg4 f3 48.Rf4 Kh7 49.Rxf3 Kxh6 50.Kd3 Kg5 51.Ke4 Kg4 52.Rf4+ Kg5 53.Rf2 
Rb6 54.Rf3 Kg4 55.Rf4+ Kg5 56.Rf5+ Kg4 57.Rf4+ Kg5 58.Rf2 Rxb3 59.Rg2+ Kh4
60.Kxd4 Kh3 61.Rc2 Kg4 62.Kc4 1/2-1/2

[Event "55th World U20 ch"]
[Site "Bhubaneswar IND"]
[Date "2016.08.18"]
[Round "10.34"]
[White "Dassanayake, D. M. G. S."]
[Black "Gajwa, Ankit"]
[Result "1/2-1/2"]
[WhiteElo "1859"]
[BlackElo "2282"]
[EventDate "2016.08.08"]
[PlyCount "72"]

1.d4 Nf6 2.c4 g6 3.Nf3 Bg7 4.g3 O-O 5.Bg2 d6 6.Nc3 Nbd7 7.O-O e5 8.e4 c6 
9.h3 Qb6 10.Re1 exd4 11.Nxd4 Re8 12.Re2 Qb4 13.Rc2 Nc5 14.Bd2 Qb6 15.Be3 
a5 16.Nb3 a4 17.Nxc5 dxc5 18.Rac1 Rd8 19.Rd2 Rxd2 20.Qxd2 Be6 21.e5 Ne8 
22.f4 Bxc4 23.Nxa4 Rxa4 24.b3 Bxb3 25.Bxc5 Qa5 26.Qd7 Qa8 27.axb3 Ra2 28.
Re1 Bf8 29.Bxf8 Qa7+ 30.Kh2 Qf2 31.Rg1 Kxf8 32.Qxb7 Re2 33.Qd7 c5 34.Qg4 
Kg7 35.f5 Rxe5 36.Rf1 Qd4 1/2-1/2

[Event "55th World U20 ch"]
[Site "Bhubaneswar IND"]
[Date "2016.08.18"]
[Round "10.35"]
[White "Salles, Louis"]
[Black "Evangelista, Paul Robert"]
[Result "1-0"]
[WhiteElo "2235"]
[BlackElo "2020"]
[EventDate "2016.08.08"]
[PlyCount "125"]

1.d4 d6 2.e4 Nf6 3.Nc3 c6 4.f4 Qa5 5.Bd3 e5 6.Nf3 exd4 7.Nxd4 g6 8.O-O Bg7
9.Kh1 O-O 10.f5 Nbd7 11.Qe1 Re8 12.Qh4 Nh5 13.Nf3 b5 14.Bg5 Bb7 15.a4 b4 
16.Nd1 c5 17.Ne3 Qc7 18.Rae1 h6 19.fxg6 fxg6 20.Bc4+ Kh8 21.Nd5 Bxd5 22.
Bxd5 Ne5 23.Nxe5 dxe5 24.Be3 Rad8 25.Bf7 Rf8 26.Bxg6 Nf4 27.Bf5 Qc6 28.Qg4
h5 29.Qf3 Bh6 30.g3 Rxf5 31.exf5 e4 32.Qf2 Nd5 33.Bxh6 Qxh6 34.Rxe4 Nf6 
35.Re6 h4 36.Qf4 Qxf4 37.Rxf4 h3 38.Kg1 Kg7 39.g4 Rd2 40.Rf2 Rd1+ 41.Rf1 
Rd2 42.Re3 Rg2+ 43.Kh1 Rxh2+ 44.Kxh2 Nxg4+ 45.Kxh3 Nxe3 46.Rf3 Nxc2 47.f6+
Kf7 48.Kg4 Nd4 49.Rf1 c4 50.Rd1 Nb3 51.Kf5 c3 52.bxc3 bxc3 53.Rd7+ Ke8 54.
Rxa7 Nd4+ 55.Kg6 Kd8 56.Re7 c2 57.Re1 Kd7 58.f7 Ne6 59.Rc1 Ke7 60.Rxc2 
Nf4+ 61.Kg7 Nh5+ 62.Kh6 Nf4 63.Rf2 1-0

[Event "55th World U20 ch"]
[Site "Bhubaneswar IND"]
[Date "2016.08.18"]
[Round "10.36"]
[White "Weerasinghe, C. C."]
[Black "Gandhi, Anish"]
[Result "1/2-1/2"]
[WhiteElo "1785"]
[BlackElo "2156"]
[EventDate "2016.08.08"]
[PlyCount "118"]

1.d4 Nf6 2.Nf3 g6 3.c4 Bg7 4.Nc3 O-O 5.g3 d6 6.Bg2 Nc6 7.O-O a6 8.d5 Na5 
9.Qd3 c5 10.e4 Rb8 11.a4 e6 12.Bg5 h6 13.Bd2 Nb3 14.Rab1 Nxd2 15.Nxd2 exd5
16.Nxd5 Nxd5 17.exd5 Bd7 18.b3 b5 19.axb5 axb5 20.Rfe1 b4 21.Re2 Ra8 22.h4
h5 23.Kh2 Ra2 24.Ne4 Rxe2 25.Qxe2 Bf5 26.Re1 Qd7 27.Qe3 Bxe4 28.Qxe4 Ra8 
29.Bf3 Bc3 30.Re2 Be5 31.Kg2 Ra3 32.Qc2 Qd8 33.Re1 Qf6 34.Bd1 Kg7 35.Qd3 
Bc3 36.Re2 Ra1 37.Bc2 Qd8 38.Bb1 Qa5 39.Re7 Kf8 40.Re2 Qa3 41.Qc2 Bf6 42.
Kh2 Qa7 43.Kg2 Qd7 44.Qe4 Ra3 45.Bc2 Be5 46.Qf3 Kg7 47.Qe4 Ra8 48.Qd3 Rf8 
49.Qe3 Ra8 50.Qd3 Qg4 51.Re4 Qd7 52.Re2 Ra1 53.Bb1 Bf6 54.Ra2 Rxa2 55.Bxa2
Qa7 56.Bb1 Qa1 57.Qc2 Bd4 58.Qd3 Qb2 59.Qc2 Qxc2 1/2-1/2

[Event "55th World U20 ch"]
[Site "Bhubaneswar IND"]
[Date "2016.08.18"]
[Round "10.37"]
[White "Hsu Chuan Chia"]
[Black "Nyamdorj, Davaaochir"]
[Result "0-1"]
[WhiteElo "1777"]
[BlackElo "2015"]
[EventDate "2016.08.08"]
[PlyCount "58"]

1.e4 c5 2.Nf3 d6 3.d4 cxd4 4.Nxd4 Nf6 5.Nc3 Nc6 6.Bg5 e6 7.Qd2 a6 8.O-O-O 
Bd7 9.f4 b5 10.Bxf6 gxf6 11.Nxc6 Bxc6 12.Qe1 Be7 13.Bd3 b4 14.Ne2 Qb6 15.
Ng3 h5 16.Nf1 Qc5 17.Ne3 Bb5 18.f5 Bf8 19.Kb1 Bh6 20.Bxb5+ axb5 21.Rd3 Bf4
22.fxe6 fxe6 23.g3 Be5 24.Rb3 Ra4 25.Qe2 Ke7 26.c3 bxc3 27.Rxb5 Qc6 28.Nc2
Rxe4 29.Nb4 Rxb4 0-1

[Event "55th World U20 ch"]
[Site "Bhubaneswar IND"]
[Date "2016.08.18"]
[Round "10.38"]
[White "Avik, Sarker"]
[Black "Holleland, Sigve"]
[Result "1/2-1/2"]
[WhiteElo "2000"]
[BlackElo "2106"]
[EventDate "2016.08.08"]
[PlyCount "68"]

1.d4 d5 2.Bf4 Nf6 3.e3 c5 4.Nf3 Nc6 5.Nbd2 Bf5 6.c3 e6 7.Bb5 a6 8.Bxc6+ 
bxc6 9.dxc5 Bxc5 10.Nb3 Bd6 11.Nbd4 Bxf4 12.exf4 c5 13.Qa4+ Qd7 14.Qxd7+ 
Nxd7 15.Nxf5 exf5 16.O-O-O Nf6 17.Rhe1+ Kf8 18.Re5 g6 19.c4 dxc4 20.Rxc5 
Kg7 21.Ne5 Rhc8 22.Rxc4 Ng4 23.b3 Rxc4+ 24.bxc4 Rc8 25.Rd4 Nxf2 26.Kc2 f6 
27.Nd7 Kf7 28.h3 Ke6 29.Nb6 Rc6 30.Nd5 a5 31.Ne3 h5 32.Kb3 Ne4 33.Rd5 Nc5+
34.Kc3 Ne4+ 1/2-1/2

[Event "55th World U20 ch"]
[Site "Bhubaneswar IND"]
[Date "2016.08.18"]
[Round "10.39"]
[White "Skettos, Nicolas"]
[Black "Seppala, Joni"]
[Result "1/2-1/2"]
[WhiteElo "1561"]
[BlackElo "1765"]
[EventDate "2016.08.08"]
[PlyCount "109"]

1.e4 c5 2.Nf3 d6 3.Bb5+ Nd7 4.O-O Nf6 5.Re1 g6 6.c3 Bg7 7.d4 cxd4 8.cxd4 
O-O 9.Nc3 a6 10.Bf1 b5 11.e5 Ne8 12.e6 fxe6 13.Ng5 Nc7 14.Qb3 Nb6 15.Be3 
Bd7 16.g3 h6 17.Nh3 Qe8 18.Bg2 Rb8 19.Nf4 g5 20.Nd3 Bc6 21.Bh3 Qf7 22.Bg2 
Bxg2 23.Kxg2 Nc4 24.Qd1 Nd5 25.Qe2 Qg6 26.Nxd5 Qe4+ 27.Kg1 Qxd5 28.Nb4 Qb7
29.b3 Nxe3 30.Qxe3 e5 31.d5 Qb6 32.Nc6 Qxe3 33.fxe3 Rb7 34.e4 Rc7 35.Kg2 
e6 36.Rac1 exd5 37.exd5 Rcf7 38.Rf1 Rxf1 39.Rxf1 Rxf1 40.Kxf1 Kf7 41.g4 e4
42.a4 bxa4 43.bxa4 h5 44.h3 hxg4 45.hxg4 Be5 46.Ke2 Bf4 47.Nb8 Ke7 48.Nxa6
Kd7 49.Nb4 Kc7 50.Nc6 Kb6 51.Nd4 Ka5 52.Ne6 Bc1 53.Kd1 Be3 54.Ke2 Bc1 55.
Kd1 1/2-1/2

[Event "55th World U20 ch"]
[Site "Bhubaneswar IND"]
[Date "2016.08.19"]
[Round "11.1"]
[White "Xiong, Jeffery"]
[Black "Artemiev, Vladislav"]
[Result "1/2-1/2"]
[WhiteElo "2633"]
[BlackElo "2665"]
[EventDate "2016.08.08"]
[PlyCount "79"]

1.d4 d5 2.c4 c6 3.Nf3 Nf6 4.cxd5 cxd5 5.Nc3 Nc6 6.Bf4 a6 7.Rc1 Bf5 8.e3 e6
9.Bd3 Bg4 10.h3 Bh5 11.O-O Be7 12.Be2 O-O 13.Ne5 Nxe5 14.Bxe5 Bxe2 15.Nxe2
Rc8 16.Rxc8 Qxc8 17.Qb3 Qd7 18.Rc1 Rc8 19.Qb6 Ne8 20.Rxc8 Qxc8 21.Nc3 f6 
22.Bg3 Bd8 23.Qb3 Qc6 24.Na4 Be7 25.Kh2 Kf7 26.Nc5 Bxc5 27.dxc5 g6 28.a4 
Ng7 29.Bb8 Nf5 30.Qb4 Qc8 31.Ba7 Ne7 32.Bb6 Nc6 33.Qh4 Kg7 34.b4 Ne5 35.
Qf4 g5 36.Qg3 h6 37.b5 axb5 38.axb5 Kf7 39.h4 Qd7 40.f4 1/2-1/2

[Event "55th World U20 ch"]
[Site "Bhubaneswar IND"]
[Date "2016.08.19"]
[Round "11.2"]
[White "Xu Yinglun"]
[Black "Maghsoodloo, Parham"]
[Result "1/2-1/2"]
[WhiteElo "2516"]
[BlackElo "2576"]
[EventDate "2016.08.08"]
[PlyCount "166"]

1.Nf3 Nf6 2.c4 g6 3.Nc3 d5 4.cxd5 Nxd5 5.Qb3 Nb6 6.d4 Be6 7.Qa3 Bc4 8.b3 
Ba6 9.Be3 Nc6 10.Qb2 Bg7 11.Rd1 Nd5 12.g3 O-O 13.Bg2 Nxe3 14.fxe3 e5 15.d5
Ne7 16.e4 Nc8 17.O-O Nd6 18.Rfe1 Qe7 19.e3 f5 20.exf5 gxf5 21.Bf1 Bxf1 22.
Rxf1 b5 23.Qa3 Rfb8 24.Qc5 Bf6 25.Rc1 Kh8 26.Kh1 a6 27.Nd1 Rb7 28.Nf2 Rg8 
29.e4 fxe4 30.Nd2 e3 31.Qxe3 Bg5 32.Qe2 b4 33.Rcd1 Bxd2 34.Rxd2 Rb5 35.Ne4
Rf8 36.Rdd1 Rxf1+ 37.Rxf1 Rxd5 38.Nf6 Rb5 39.Qg4 Rb8 40.Nd5 Qg7 41.Qxg7+ 
Kxg7 42.Nxc7 a5 43.Rd1 Nb5 44.Rd7+ Kg6 45.Nd5 h5 46.Kg2 Kf5 47.Rh7 Nc3 48.
Nxc3 bxc3 49.Rc7 Rd8 50.Rxc3 Rd2+ 51.Kf3 Rxh2 52.a3 Ra2 53.b4 a4 54.b5 Rb2
55.Rc4 Rb3+ 56.Ke2 Rxa3 57.Rb4 Rxg3 58.b6 Rg8 59.Rxa4 Rg2+ 60.Kf3 Rb2 61.
Rh4 Rb3+ 62.Ke2 Rxb6 63.Rxh5+ Ke4 64.Rh4+ Kd5 65.Ra4 Rb2+ 66.Ke3 Rb3+ 67.
Ke2 Rh3 68.Rb4 Ke6 69.Ra4 Kf5 70.Rb4 Rg3 71.Ra4 Rg4 72.Rxg4 Kxg4 73.Ke3 
Kf5 74.Kf3 e4+ 75.Ke3 Ke5 76.Ke2 Kd4 77.Kd2 e3+ 78.Ke2 Ke4 79.Ke1 Kf4 80.
Ke2 Ke4 81.Ke1 Kd3 82.Kd1 e2+ 83.Ke1 Ke3 1/2-1/2

[Event "55th World U20 ch"]
[Site "Bhubaneswar IND"]
[Date "2016.08.19"]
[Round "11.3"]
[White "Nasuta, Grzegorz"]
[Black "Ivekovic, Bozidar"]
[Result "1-0"]
[WhiteElo "2442"]
[BlackElo "2351"]
[EventDate "2016.08.08"]
[PlyCount "103"]

1.e4 c5 2.Nf3 d6 3.Bb5+ Bd7 4.Bxd7+ Nxd7 5.O-O Ngf6 6.Qe2 e6 7.d4 cxd4 8.
Nxd4 Be7 9.c4 O-O 10.Nc3 a6 11.b3 Qb6 12.Be3 Qa5 13.Rac1 Rfe8 14.Rfd1 Bf8 
15.Qd2 Qh5 16.Nde2 Rad8 17.f3 Kh8 18.Na4 b5 19.Nf4 Qe5 20.Nd3 Qh5 21.Nf4 
Qe5 22.Nb2 d5 23.Nbd3 Qb8 24.exd5 e5 25.Nh3 e4 26.Ne1 bxc4 27.bxc4 Bb4 28.
Qf2 exf3 29.Bf4 Qc8 30.Nd3 Ba3 31.Qxf3 Bxc1 32.Rxc1 Nc5 33.Ne5 Kg8 34.Nc6 
Rd7 35.Nf2 Qb7 36.Be5 Qb6 37.Kh1 Rb7 38.Bxf6 gxf6 39.Rf1 Qb1 40.Nh3 Ne4 
41.Rxb1 Rxb1+ 42.Ng1 Nd2 43.Qg3+ Kh8 44.d6 Ne4 45.Qf3 Rd1 46.Ne7 Rxd6 47.
Qxe4 Re6 48.Qd4 R8xe7 49.h3 Kg7 50.Nf3 Rc7 51.Qg4+ Kf8 52.Nh4 1-0